Calvin between humanism and discipleship (Registro nro. 62682)
[ vista simple ]
| 000 -LÍDER | |
|---|---|
| Campo fijo de descripción fija | 006050000a22001330004500 |
| 100 1# - ASIENTO PRINCIPAL--NOMBRE PERSONAL | |
| Nombre personal | Link, Christian |
| 245 10 - TÍTULO | |
| Título del Material | Calvin between humanism and discipleship |
| 300 ## - DESCRIPCIÓN FÍSICA | |
| Extensión | Vol.57, núm.4 (2007), Páginas 251-263 |
| 500 ## - NOTA GENERAL | |
| Nota General | Traducido por D. Dichele El autor propone que John Calvin estuvo entre la Edad Media y el Renacimiento, una figura quien fue inspirado por ambos movimientos pero fue capaz de ir más allá de los dos, particularmente en su comprensión |
| 650 14 - ASIENTO SECUNDARIO DE MATERIA - TERMINO TEMÁTICO | |
| Término temático o nombre geográfico como elemento de entrada | CALVINO |
| 773 0# - HOST ITEM ENTRY | |
| Title | Reformed World |
| 942 ## - TIPO DE MATERIAL (KOHA) | |
| Tipo de Item KOHA | Artículos de Revista |
| Estado de Material | Estado de Perdido | Estado de Dañado | No para Préstamo | Colección | Biblioteca de Origen | Biblioteca Permanente | Fecha de Adquisición | Total de Préstamos | Signatura Topográfica | Última vez visto | Fecha de Remplazo | Tipo de Material |
|---|---|---|---|---|---|---|---|---|---|---|---|---|
| Colección de Hemeroteca | Biblioteca FUSBC | Biblioteca FUSBC | 26/01/2016 | 26/01/2016 | 26/01/2016 | Artículos de Revista |
